Central Library OPAC University of Rajshahi

Everyman's dictionary of dates / (Record no. 22021)

MARC details
000 -LEADER
fixed length control field 00861nam a22002772a 4500
001 - CONTROL NUMBER
control field 22021
003 - CONTROL NUMBER IDENTIFIER
rucl marc code BD-RjUL
005 - DATE AND TIME OF LATEST TRANSACTION
control field 20211209000746.0
008 - FIXED-LENGTH DATA ELEMENTS--GENERAL INFORMATION
fixed length control field 140306s1967 enk d 000 0 eng d
035 ## - SYSTEM CONTROL NUMBER
System control number (BD-RjUL)22086
-- OCLC ocm00394496 from D950628M
040 ## - CATALOGING SOURCE
Original cataloging agency DLC
Transcribing agency DLC
Modifying agency UKM
-- EQO
-- BD-RjUL
Language of cataloging eng
041 ## - LANGUAGE CODE
Language code of text/sound track or separate title eng
082 00 - DEWEY DECIMAL CLASSIFICATION NUMBER
Classification number 903
Author mark and year EVE 1967
245 00 - TITLE STATEMENT
Title Everyman's dictionary of dates /
Statement of responsibility, etc. Audrey Butler.
250 ## - EDITION STATEMENT
Edition statement 5th ed.
260 ## - PUBLICATION, DISTRIBUTION, ETC. (IMPRINT)
Place of publication, distribution, etc. London :
Name of publisher, distributor, etc. Dent ;
Place of publication, distribution, etc. New York :
Name of publisher, distributor, etc. Dutton,
Date of publication, distribution, etc. 1967.
300 ## - PHYSICAL DESCRIPTION
Pagination xxiv, 456 p. ;
Size 20 cm.
490 1# - SERIES STATEMENT
Series statement Everyman's reference library
500 ## - GENERAL NOTE
General note First published in 1911 under title: A Dictionary of dates
650 #0 - SUBJECT ADDED ENTRY--TOPICAL TERM
Topical term or geographic name as entry element History
Form subdivision Dictionaries
9 (RLIN) 42242
700 1# - ADDED ENTRY--PERSONAL NAME
Personal name Butler, Audrey.
830 #0 - SERIES ADDED ENTRY--UNIFORM TITLE
Uniform title Everyman's reference library
942 ## - ADDED ENTRY ELEMENTS (KOHA)
Source of classification or shelving scheme Dewey Decimal Classification
Koha item type Books
Holdings
Lost status Source of classification or shelving scheme Damaged status Not for loan Collection code Permanent Location Current Location Shelving location Date acquired Source of acquisition Cost, normal purchase price Total Checkouts Full call number Date last seen Copy number Koha item type
  Dewey Decimal Classification   Added to bundle Non-fiction Central Library, University of Rajshahi Central Library, University of Rajshahi Reading Room 04/11/1968 Zeitlinger. 25.00   903 EVE 1967 06/03/2014 C-1 Books